000 00351 a2200157 4500
001 192948
020 _a978-85-7665-346-2
040 _cMagnum
100 _aAlves, Rubens
240 1 0 _aOstra feliz não faz pérola
_lpor
245 1 0 _aOstra feliz não faz pérola
300 _a276
362 0 _a2008
697 _aLITERATURA GERAL
942 _cBK
999 _c192948
_d192948